Sprog
English
Deutsch
Español
Français
Italiano
日本語
Nederlands
Português
Português (Brasil)
中文(简体)
中文(繁體)
Türkçe
עברית
Gaeilge
Cymraeg
Ελληνικά
Català
Euskara
Русский
Čeština
Suomi
Svenska
polski
Dansk
slovenščina
اللغة العربية
বাংলা
Galego
Tiếng Việt
Hrvatski
हिंदी
Հայերէն
Українська
Alle Felter
Titel
Forfatter
Fag
ISBN/ISSN
Tag
Identifier
Find
Udvidet
Т. 76, вып. 6; Журнал эксперим...
Citér dette
Stav dette
Email dette
Udskriv
Eksportér post
Eksportér til RefWorks
Eksportér til EndNoteWeb
Eksportér til EndNote
Permanent link
Esportazione completata correttamente —
Т. 76, вып. 6; Журнал экспериментальной и теоретической физики
Bibliografiske detaljer
Parent link:
Журнал экспериментальной и теоретической физики=ЖЭТФ/ Академия наук СССР (АН СССР). Т. 76, вып. 6.— , 1931-.— 0044-4510
Sprog:
russisk
Udgivet:
1979
Format:
MixedMaterials
Bog
KOHA link:
https://koha.lib.tpu.ru/cgi-bin/koha/opac-detail.pl?biblionumber=431071
Beholdninger
Beskrivelse
Lignende værker
Medarbejdervisning
MARC
LEADER
00000nam2a2200000 4500
001
431071
005
20231101075320.0
035
|a
(RuTPU)RU\TPU\prd\91152
035
|a
RU\TPU\prd\91140
090
|a
431071
100
|a
20101126a18699999k y0rusy50 ca
101
0
|a
rus
102
|a
RU
200
0
|a
Т. 76, вып. 6
210
|d
1979
461
1
|0
(RuTPU)RU\TPU\prd\1443
|x
0044-4510
|t
Журнал экспериментальной и теоретической физики
|l
ЖЭТФ
|f
Академия наук СССР (АН СССР)
|v
Т. 76, вып. 6
|d
1931-
801
0
|a
RU
|b
63413507
|c
20010227
|g
PSBO
801
1
|a
RU
|b
63413507
|c
20020301
|g
PSBO
801
2
|a
RU
|b
63413507
|c
20170131
|g
PSBO
942
|c
BK
999
|a
НТБ_ТПУ
|b
НФ
|e
-8/20100113
|p
П-770а
|u
0,00
|v
1
|y
13821000797382
Lignende værker
Т. 76, вып. 5; Журнал экспериментальной и теоретической физики
Udgivet: (1979)
Т. 76, вып. 1; Журнал экспериментальной и теоретической физики
Udgivet: (1979)
Т. 76, вып. 2; Журнал экспериментальной и теоретической физики
Udgivet: (1979)
Т. 76, вып. 3; Журнал экспериментальной и теоретической физики
Udgivet: (1979)
Т. 76, вып. 4; Журнал экспериментальной и теоретической физики
Udgivet: (1979)